000 00179 a2200085 4500
041 _aspa
100 _aArias, Ligia Elena
245 _aDiccionario de dudas de la lengua
942 _cBK
999 _c30093
_d30091